000 00605cam a22001694a 4500
020 _a0324013302
050 0 0 _aHD58.7
_b.A42 2002
100 1 _aAldag, Ramon J.,
_d1945-
245 1 0 _aOrganizational behavior and management :
_ban integrated skills approach /
_cRamon J. Aldag, Loren W. Kuzuhara.
250 _a1st ed.
260 _aAustralia ;
_aEagan, MN :
_bSouth-Western/Thomson Learning,
_cc2002.
300 _axix, 668 p. :
500 _aIncludes bibliographic references and index.
650 _xOrganizational behavior ;
_xIndustrial management.
700 1 _aKuzuhara, Loren W.
942 _2lcc
_cGEN
999 _c10527
_d10527